name the song - Statistics

General Stats
  • This quiz has been taken 7 times
  • The average score is 3 of 7
Answer Stats
line name % Correct
you are my fire, the one desire, believe when I say I want it that way
80%
as I walk through the valley of the shadow of death gangsta's paradise
60%
work it harder make it better do it faster makes us stronger stronger
60%
weve known each other, for so long, you know the rules and so do i never gonna give you up
40%
some legends are told, some turn to dust or to gold centuries
20%
hell (hell) what the matter with your feel right, oh your feel right baby come and get your love
20%
babe your to controlling I'ma feed you to the wolves life goes on
20%
No matching quizzes found
Score Distribution
Percent of People with Each Score
Percentile by Number Answered
Your Score History
You have not taken this quiz